Statistiques concernant Disney paroles - Au son calme des tam-tams

Cliquez ici pour prendre le quiz!

Statistiques générales

  • Ce quiz a été pris 44 fois
  • Le résultat moyen est 59 sur 82

Statistiques - réponses

HintRéponse% Correct
de
100%
de
100%
de
100%
de
100%
de
100%
de
100%
de
100%
au
97%
Au
97%
ParolesAu
97%
la
97%
la
97%
la
97%
la
97%
la
97%
son
97%
son
97%
calme
94%
calme
94%
tam-tam
94%
tam-tam
94%
le
91%
le
91%
le
91%
du
88%
du
88%
du
88%
du
88%
les
84%
les
84%
les
84%
rivière
84%
et
78%
et
78%
et
78%
C'est
75%
c'est
75%
dans
72%
Dans
72%
dans
72%
temps
72%
temps
72%
l'univers
69%
moisson
69%
claire
66%
esprit
66%
Grand
66%
l'eau
66%
Quand
66%
saison
66%
coeur
63%
coeur
63%
En
63%
qui
63%
d'argent
59%
nos
59%
printemps
59%
saumons
59%
tes
59%
chaque
56%
enfants
56%
terre
56%
brillent
53%
raison
53%
voix
53%
feu
50%
saisons
50%
viennent
50%
d'amour
47%
danse
47%
fruits
47%
garde
47%
l'été
47%
Maître
47%
millénaire
47%
coeurs
44%
s'enflamme
44%
vont
44%
résonnant
41%
rythme
38%
l'ordre
34%
Semons
25%

Distribution des résultats

Percentile par nombre de réponses

% des personnes avec chaque résultat

Votre développement - résultats

Vous n’avez pas pris ce quiz